Theories of Exclusion and Inclusion: Cultural Dynamics in Knowledge-Based Societies /
Saved in:
| Main Author: | |
|---|---|
| Format: | Text |
| Language: | Spanish |
| Published: |
Ottawa:
University of Ottawa
|
| Subjects: | |
| Tags: |
Add Tag
No Tags, Be the first to tag this record!
|
MARC
| LEADER | 00000 a a2200000 04500 | ||
|---|---|---|---|
| 001 | 39362 | ||
| 003 | cru CIDCACS/IIS | ||
| 005 | 20170914083031.0 | ||
| 008 | 170907b xxu||||| |||| 00| 0 spa d | ||
| 999 | |c 40406 |d 40406 | ||
| 020 | |a 9780889273474 | ||
| 040 | |c CIDCACS/IIS | ||
| 090 | |a 0003 I32t | ||
| 100 | |a Imbert, Patrick | ||
| 245 | |a Theories of Exclusion and Inclusion: |b Cultural Dynamics in Knowledge-Based Societies / |c Patrick Imbert | ||
| 260 | |a Ottawa: |b University of Ottawa | ||
| 300 | |a Páginas 21-98 | ||
| 650 | |a TEORIA SOCIAL | ||
| 650 | |a EXCLUSION SOCIAL | ||
| 650 | |a INCLUSION SOCIAL | ||
| 650 | |a CANADA | ||
| 650 | |a AMERICA LATINA | ||
| 942 | |2 ddc |c LI | ||
| 773 | 0 | |0 40375 |9 1283 |a Imbert, Patrick |d Ottawa: University of Ottawa |o 05909 |t Theories of Inclusion and Exclusion and the Knowledge-Based Societies: |w (cru CIDCACS/IIS)39365 |z 9780889273474 | |
| 773 | 0 | |0 40375 |9 1283 |a Imbert, Patrick |d Ottawa: University of Ottawa |o 05909 |t Theories of Inclusion and Exclusion and the Knowledge-Based Societies: |w (cru CIDCACS/IIS)39365 |z 9780889273474 | |



